00633nam a22002057a 4500999001900000005001700019010001500036020002600051035001400077037001300091082001100104100002000115245009300135250000900228260002700237270008300264300002500347700003000372942002500402 c197213d19721320230818113506.0 aENG-137831 a9788192380230c150.00 aEN-121361 bDBAD/PUB a342.54 aBasu, Durga Das aCommentary on the Constitution of India/cBy Durga Das Basu, frwd by M N Venkatachaliah a9th  aHaryana bLexis Nexis  a14th floor, Building No10, Tower-B, DLF Cyber city, phase-2,bgurgaon e122002 avariousp.c26CM(pbk) a M N VenkatachaliaheFrwd 2ddccENh342.54mBAS